| 000 | 01313cam a22003737a 4500 | ||
|---|---|---|---|
| 003 | CHAP | ||
| 005 | 20220329142543.0 | ||
| 008 | 010926d mx r 00110 spa d | ||
| 010 | _a84818 | ||
| 011 | _a85790 | ||
| 035 | _a96326 | ||
| 040 | _cCHAP | ||
| 090 | _aFolleto 16355 | ||
| 100 | 0 | 0 |
_aPadrón Treviño, Jaime A. _984694 |
| 245 | 1 | 0 |
_aPlagas del tomate y su control en el Valle de Culiacán (1972-1973) _c/por Jaime Padrón Treviño |
| 260 |
_aMéxico : _bCentro de Investigaciones Agrícolas de Sinaloa, _c1972. |
||
| 300 |
_a12 p. : _bilus. |
||
| 410 | 0 | 0 | _aCentro de Investigaciones Agrícolas de Sinaloa |
| 490 | 0 |
_aCircular CIAS _v; 44 |
|
| 590 |
_aBATCH-UPD _b10 _c20130110 _lUCH01 _h0021 |
||
| 590 |
_aBATCH-UPD _b10 _c20130110 _lUCH01 _h0628 |
||
| 590 |
_aBATCH-UPD _b10 _c20130409 _lUCH01 _h2000 |
||
| 590 |
_aBATCH-UPD _b10 _c20130410 _lUCH01 _h0311 |
||
| 590 |
_aBATCH-UPD _b10 _c20130914 _lUCH01 _h0909 |
||
| 590 |
_aCONVERSION _b10 _c20130109 _lUCH01 _h1347 |
||
| 650 | 1 | 4 |
_aTomate _xPlagas. _9113748 |
| 650 | 1 | 4 |
_aTomate _zCuliacán. _9113784 |
| 810 | 0 | 0 |
_aCentro de Investigaciones Agrícolas de Sinaloa _921108 |
| 830 | 0 |
_aCircular CIAS _v; 44 _923372 |
|
| 901 | _aBK | ||
| 905 | _aAlejandra Carrasco M. | ||
| 942 | _cFOLL | ||
| 949 |
_aFolleto 16355 _bBC _cFOLL _d33724002010587 _eTS1 _i96326 _sb |
||
| 999 |
_c84818 _d84818 |
||